000 01095nam a22002777a 4500
005 2009051907047.0
008 081120t xxu||||| |||| 00| 0 eng d
010 _aENG-93604
020 _a9788170564775
_c200.00
035 _aEN-77137
037 _bDBAD / PUB
037 _bPriyanka Prakashan
040 _adpl
_bEnglish
082 _a005.43
100 _aBhatia, Leena
245 _aFundamentals of operating system :
_cby Leena Bhatia, Neha Agarwal [and] Vandana Vijay
_b(as per syllabus of B.C.A. Part - 1 students of university of Rajasthan, Jaipur) /
260 _aJaipur
_bPanchsheel Prakashan
_c2009
270 _aFilm Colony, Chaura Rasta,
_bJaipur
_e302003
300 _aiv, 264p.
_c25cm(pbk)
650 _aOperating system (Computers)
700 _aAgarwal, Neha
700 _aVandana Vijay
942 _2ddc
_cEN
_mBHA
_h005.43
999 _c26570
_d26570